No secrets (Record no. 105045)

MARC details
000 -LEADER
fixed length control field 00508nam a22001817a 4500
005 - DATE AND TIME OF LATEST TRANSACTION
control field 20161230113840.0
010 ## - LCCN (DPL NO)
LC control number ENG-116775
020 ## - INTERNATIONAL STANDARD BOOK NUMBER
International Standard Book Number 9789382711056
Terms of availability 245.00
035 ## - SYSTEM CONTROL NUMBER
System control number EN-100307
037 ## - SOURCE OF ACQUISITION
Source of stock number/acquisition DBAD/PUB
082 ## - DEWEY DECIMAL CLASSIFICATION NUMBER
Classification number 954.0841
100 ## - MAIN ENTRY--PERSONAL NAME
Personal name Anuj Dhar
245 ## - TITLE STATEMENT
Title No secrets
Remainder of title by Anuj Dhar
260 ## - PUBLICATION, DISTRIBUTION, ETC. (IMPRINT)
Place of publication, distribution, etc New Delhi
Name of publisher, distributor, etc Vitasta Publishing
Date of publication, distribution, etc 2013
270 ## - ADDRESS
Address 2/15,Ansari Road,Daryaganj
City New Delhi
Postal code 110002
300 ## - PHYSICAL DESCRIPTION
Extent 233p. :
Other physical details ill
Dimensions 20cm(pbk)
942 ## - ADDED ENTRY ELEMENTS (KOHA)
Source of classification or shelving scheme Dewey Decimal Classification
Item type English Books
Classification part 954.0841
Call number suffix ANU
Holdings
Withdrawn status Lost status Not for loan Collection code Home library Current library Date acquired Source of acquisition Cost, normal purchase price Full call number Barcode Copy number Cost, replacement price Koha item type
    Not For Loan Non-fiction D.B.Act.Division Bawana 09/12/2016 DBAD/PUB 245.00 954.0841 ANU EN-100307 1 245.00 English Books

© Delhi Public Library
Hit Counter
free hit counter